| 000 | 00000nam##2200000za#4500 |
| 001 | 9.571474 |
| 003 | CaOODSP |
| 005 | 20210624182736 |
| 007 | cr ||||||||||| |
| 008 | 150406|1996||||xxc|||||o f|0| 0 eng|d |
| 040 | |aCaOODSP|beng |
| 043 | |an-cn--- |
| 086 | 1 |aJS5-1/14-1996E-PDF |
| 110 | 1 |aCanada. |bSolicitor General Canada. |
| 245 | 10|aExamining Aboriginal corrections in Canada / |h[electronic resource]|cby Carol LaPrairie, assisted by Phil Mun, Bruno Steinke, in consultation with Ed Buller, Sharon McCue. |
| 260 | |bSolicitor General Canada |c[1996]. |
| 300 | |a218p.|bgraphs, references, tables |
| 490 | 1 |aAboriginal peoples collection|vAPC 14 CA (1996) |
| 590 | |a11-23-Supp|b2011-10-17 |
| 720 | 1 |aLaPrairie, Carol |
| 775 | 08|tLes services correctionnels pour autochtones au Canada / |w(CaOODSP)9.602072 |
| 830 | #0|aAboriginal peoples collection ;|vAPC 14 CA (1996)|w(CaOODSP)9.505592 |
| 856 | 40|ahttp://publications.gc.ca|qPDF|s2.77 MB|uhttps://publications.gc.ca/collections/collection_2011/sp-ps/JS5-1-14-1996-eng.pdf|yAPC 14 CA (1996) |